[Event "Novi Sad TS 221st"]
[Site "Novi Sad"]
[Date "2021.11.07"]
[Round "7.1"]
[White "Poprzen, Miroslav"]
[Black "Joshua, AP."]
[Result "0-1"]
[WhiteElo "1914"]
[BlackElo "2074"]
[PlyCount "45"]
[EventDate "2021.11.02"]
[EventType "schev"]
[EventRounds "9"]
[EventCountry "SRB"]
[SourceTitle "CBM 205 Extra"]
[Source "ChessBase"]
[SourceDate "2022.01.31"]
[SourceVersion "1"]
[SourceVersionDate "2022.01.31"]
[SourceQuality "1"]
[WhiteTeam "Team A"]
[BlackTeam "Team B"]
[WhiteTeamCountry "SRB"]
[BlackTeamCountry "SRB"]

1. e4 c6 2. d4 d5 3. f3 e6 4. Ne2 Nf6 5. e5 Nfd7 6. f4 c5 7. c3 Nc6 8. g4 h5 9. g5 g6 10. b3 b5 11. Qc2 b4 12. Bb2 bxc3 13. Bxc3 Qb6 14. Qd2 Ba6 15. Bb2 Bxe2 16. Bxe2 cxd4 17. Kf1 Bb4 18. Qd1 Nc5 19. Bxd4 Nxd4 20. Qxd4 Nxb3 21. Qb2 Nxa1 22. Qxa1 Qe3 23. Bb5+ 0-1

[Event "Novi Sad TS 221st"]
[Site "Novi Sad"]
[Date "2021.11.05"]
[Round "6.1"]
[White "Manukonda, Arun"]
[Black "Poprzen, Miroslav"]
[Result "0-1"]
[WhiteElo "2005"]
[BlackElo "1914"]
[PlyCount "32"]
[EventDate "2021.11.02"]
[EventType "schev"]
[EventRounds "9"]
[EventCountry "SRB"]
[SourceTitle "CBM 205 Extra"]
[Source "ChessBase"]
[SourceDate "2022.01.31"]
[SourceVersion "1"]
[SourceVersionDate "2022.01.31"]
[SourceQuality "1"]
[WhiteTeam "Team B"]
[BlackTeam "Team A"]
[WhiteTeamCountry "SRB"]
[BlackTeamCountry "SRB"]

1. d4 Nf6 2. c4 e6 3. Nc3 Bb4 4. Bg5 d5 5. e3 c5 6. a3 Bxc3+ 7. bxc3 Qa5 8. Bxf6 Qxc3+ 9. Ke2 gxf6 10. Rc1 Qxa3 11. cxd5 exd5 12. Rxc5 Nd7 13. Rc2 Nb6 14. Kf3 Rg8 15. Bb5+ Kf8 16. h3 Bf5 0-1

[Event "Novi Sad TS 219th"]
[Site "Novi Sad"]
[Date "2021.10.27"]
[Round "4.1"]
[White "Kheerthi, Ganta"]
[Black "Poprzen, Miroslav"]
[Result "0-1"]
[WhiteElo "1738"]
[BlackElo "1920"]
[PlyCount "84"]
[EventDate "2021.10.25"]
[EventType "schev"]
[EventRounds "8"]
[EventCountry "SRB"]
[SourceTitle "CBM 205 Extra"]
[Source "ChessBase"]
[SourceDate "2022.01.31"]
[SourceVersion "1"]
[SourceVersionDate "2022.01.31"]
[SourceQuality "1"]
[WhiteTeam "Team B"]
[BlackTeam "Team A"]
[WhiteTeamCountry "SRB"]
[BlackTeamCountry "SRB"]

1. d4 Nf6 2. c4 e6 3. Nf3 b6 4. g3 Bb7 5. Bg2 Bb4+ 6. Bd2 Qe7 7. 0-0 0-0 8. a3 Bxd2 9. Nbxd2 d5 10. Ne5 c5 11. dxc5 bxc5 12. Qb3 Nc6 13. Nxc6 Bxc6 14. Qc2 Rac8 15. Rab1 Rfd8 16. Rfd1 h5 17. h4 Ng4 18. Nf3 Qf6 19. e3 d4 20. e4 e5 21. Ne1 g5 22. hxg5 Qxg5 23. Nf3 Qf6 24. Qe2 Rd6 25. Nh2 Bd7 26. Bf3 Qg5 27. Qd2 Qg6 28. Qe2 Rf6 29. Rd3 Kg7 30. Bxg4 hxg4 31. f3 gxf3 32. Rxf3 Rxf3 33. Qxf3 Rh8 34. b4 Qh6 35. Qf2 Bc6 36. Rf1 f5 37. exf5 e4 38. f6+ Kf7 39. Qg2 e3 40. Nf3 Bxf3 41. Rxf3 e2 42. Kf2 Qd2 0-1